Palma Sola : (Registro nro. 13707)

Detalles MARC
000 -LIDER
fixed length control field 00832nam a2200277 a 4500
001 - NÚMERO DE CONTROL
Identificador de número de control 000021447
003 - IDENTIFICACDOR DE NÚMERO DE CONTROL
control field DO-SdBNP
005 - DATE AND TIME OF LATEST TRANSACTION
control field 20220301121822.0
008 - ELEMENTOS DE LONGITUD FIJA
fixed length control field 100908s2002 dr 000 f spa d
020 ## - ISBN
Canceled/invalid ISBN 9993420123
040 ## - FUENTE DE CATALOGACIÓN
Agencia que crea de manera original el registro DO-SdBNP
Idioma de catalogación spa
Agencia que realiza la transcripción BPMSU
049 ## - LOCAL HOLDINGS (OCLC)
Holding library
082 ## - NÚMERO DE CLASIFICACIÓN DECIMAL DE DEWEY
Classification number RD863.44
Item number L789p, 2003
Edition number 22
100 1# - ASIENTO PRINCIPAL -- NOMBRE PERSONAL
Nombre personal Lizardo Lasocé, Luis Francisco,
Fechas asociadas con el nombre 1942-
245 10 - MENCIÓN DE TITULO
Título Palma Sola :
Subtítulo la tragedia de un pueblo /
Mención de responsabilidad Luis Francisco Lizardo Lasorcé.
250 ## - MENCIÓN DE EDICION
Mención de edición 6a ed.
260 ## - PUBLICACIÓN, DISTRIBUCIÓN, ETC. (PIE DE IMPRENTA)
Lugar de publicación, distribución, etc Santo Domingo :
Nombre del editor, distribuidor, etc. Manatí,
Fecha de publicación, distribución, etc 2002
300 ## - DESCRIPCIÓN FÍSICA
Extensión 96 p. ;
Dimensiones 21 cm.
500 ## - NOTA GENERAL
Nota general Incluye nota al pie de página
500 ## - NOTA GENERAL
Nota general Incluye datos biográficos del autor en la contracubierta
590 ## - NOTA LOCAL
Enlace Inventariado, 2022/VM
650 #4 - ENCABEZAMIENTO DE MATERIA--TEMÁTICO
Término temático o nombre geográfico como elemento de entrada Novela dominicana
650 #4 - ENCABEZAMIENTO DE MATERIA--TEMÁTICO
Término temático o nombre geográfico como elemento de entrada Literatura dominicana.
910 ## - VALIDACIÓN
Validación VMateo V.
942 ## - ADDED ENTRY ELEMENTS (KOHA)
Source of classification or shelving scheme Dewey Decimal Classification
Koha item type Libros
Existencias
Withdrawn status Lost status Source of classification or shelving scheme Damaged status Not for loan Collection code Home library Current library Date acquired Total Checkouts Full call number Barcode Date last seen Price effective from Koha item type Copy number
    Dewey Decimal Classification     Colección Dominicana Biblioteca Pública Metropolitana Salomé Ureña Biblioteca Pública Metropolitana Salomé Ureña 03/01/2022   BPMSU CD RD863.44 L789p, 2002 BPMSU22030002 03/01/2022 03/01/2022 Libros  
    Dewey Decimal Classification     Colección Dominicana Biblioteca Pública Metropolitana Salomé Ureña Biblioteca Pública Metropolitana Salomé Ureña 03/01/2022   BPMSU CD RD863.44 L789p, 2002 BPMSU26020042 02/06/2026 03/01/2022 Libros e.2